| 000 | 00930nam a2200217 i 4500 | ||
|---|---|---|---|
| 001 | 153385 | ||
| 003 | ES-MaACL | ||
| 005 | 20250806070428.0 | ||
| 008 | 000424s1880 sp |||| | spa d | ||
| 040 |
_aCAM _bspa _cCAM |
||
| 100 | 0 |
_aDamaschino, François-Theodore. _942552 |
|
| 245 | 1 | 0 |
_aEnfermedades de las vías digestivas / _clecciones dadas en la Facultad de Medicina de París por F. Damaschino ; versión española del Dr. Carreras Sanchís. |
| 260 |
_aMadrid : _b[s.n.], _c1880 ( _fEstablecimiento tip. de Enrique Teodoro) |
||
| 300 |
_a584 p. ; _c24 cm. |
||
| 490 | 1 | _aBiblioteca Económica de Medicina y Cirujía | |
| 650 | 4 |
_aAparato digestivo- _xEnfermedades. _99906 |
|
| 700 | 0 |
_aCarreras Sanchís, Manuel. _935680 |
|
| 830 | 0 |
_aBiblioteca económica de medicina y cirujía _9186248 |
|
| 852 |
_aES-MaACL _jB-12701 _z-- Enc. pasta española _z-- Legado Gustavo Saenz Diez |
||
| 999 |
_c153385 _d153385 |
||